[Event "Miskolc Avas op"]
[Site "Miskolc"]
[Date "1999.??.??"]
[Round "7"]
[White "Fekete, Lorand"]
[Black "Koncz, Lajos"]
[Result "1-0"]
[WhiteElo "2000"]
[BlackElo "2000"]
[PlyCount "85"]
[EventDate "1999.??.??"]
[EventType "swiss"]
[EventRounds "9"]
[EventCountry "HUN"]
[SourceTitle "EXT 2000"]
[Source "ChessBase"]
[SourceDate "1999.11.16"]
[SourceVersion "1"]
[SourceVersionDate "1999.11.16"]
[SourceQuality "1"]

1. d4 f5 2. Nc3 d5 3. Bf4 c5 4. e3 Nc6 5. Nb5 e5 6. dxe5 Be6 7. Nf3 h6 8. h4 a6 9. Na3 Be7 10. c4 d4 11. exd4 cxd4 12. Nc2 Bc5 13. Bd3 Nge7 14. a3 a5 15. h5 Qc7 16. Qe2 0-0-0 17. 0-0-0 Rd7 18. Nh4 Rhd8 19. Rh3 Rg8 20. Rg3 Nd8 21. Kb1 Nf7 22. Ne1 Qb6 23. Ka1 Qc6 24. Qc2 b5 25. Rc1 Rc7 26. cxb5 Qb6 27. Bxf5 Nxf5 28. Nxf5 Qxb5 29. Nxd4 Qb6 30. Nxe6 Qxe6 31. Rg6 Qd5 32. Qd3 Qxd3 33. Nxd3 Bd4 34. Rxc7+ Kxc7 35. e6+ Nd6 36. e7 Bf6 37. Bxh6 Kd7 38. Nf4 Nc4 39. Rxf6 gxf6 40. Bf8 Nd6 41. h6 Nf5 42. Nd5 Nd6 43. Nxf6+ 1-0

[Event "Miskolc Avas op"]
[Site "Miskolc"]
[Date "1999.??.??"]
[Round "5"]
[White "Koncz, Lajos"]
[Black "Matyas, Imre"]
[Result "0-1"]
[WhiteElo "2000"]
[BlackElo "2000"]
[PlyCount "112"]
[EventDate "1999.??.??"]
[EventType "swiss"]
[EventRounds "9"]
[EventCountry "HUN"]
[SourceTitle "EXT 2000"]
[Source "ChessBase"]
[SourceDate "1999.11.16"]
[SourceVersion "1"]
[SourceVersionDate "1999.11.16"]
[SourceQuality "1"]

1. e4 e5 2. d4 exd4 3. c3 dxc3 4. Nxc3 Nc6 5. f4 Bc5 6. Nf3 d6 7. Bc4 Be6 8. Nd5 Nf6 9. Qe2 Nd4 10. Nxd4 Bxd4 11. Be3 Bxe3 12. Qxe3 c6 13. Nxf6+ Qxf6 14. Bxe6 Qxe6 15. 0-0 0-0 16. Rf3 Rfe8 17. Re1 Qxa2 18. Qd4 Qa5 19. Rfe3 Qb6 20. Rd3 Qxd4+ 21. Rxd4 d5 22. e5 Re7 23. Rd2 Rae8 24. Rde2 g6 25. Kf2 Kg7 26. g4 f6 27. e6 f5 28. g5 d4 29. Re5 Rd8 30. Ke2 b6 31. Kd3 c5 32. Kc4 h6 33. h4 Rd6 34. Kd3 h5 35. b3 Kf8 36. R1e2 Ke8 37. Re1 Kd8 38. Kc4 Kc7 39. Kd3 Kc6 40. Kc4 d3 41. Kc3 d2 42. Rd1 Rexe6 43. Rxe6 Rxe6 44. Rxd2 Re4 45. Rd8 Rxf4 46. Rg8 Rxh4 47. Rxg6+ Kb5 48. Rf6 f4 49. g6 Rg4 50. g7 Rxg7 51. Rxf4 Rg3+ 52. Kb2 Rh3 53. Rf1 h4 54. Ka3 Rg3 55. Rh1 h3 56. Rh2 c4 0-1